<?xml version="1.0" encoding="UTF-8"?>
<record
    xmlns:xsi="http://www.w3.org/2001/XMLSchema-instance"
    xsi:schemaLocation="http://www.loc.gov/MARC21/slim http://www.loc.gov/standards/marcxml/schema/MARC21slim.xsd"
    xmlns="http://www.loc.gov/MARC21/slim">

  <leader>00504nam a2200133Ia 4500</leader>
  <controlfield tag="008">100204s9999    xx            000 0 und d</controlfield>
  <datafield tag="082" ind1=" " ind2=" ">
    <subfield code="b">12518</subfield>
  </datafield>
  <datafield tag="100" ind1=" " ind2=" ">
    <subfield code="a">&#x915;&#x94D;&#x937;&#x940;&#x930;&#x938;&#x93E;&#x917;&#x930;      &#x917;&#x91C;&#x93E;&#x928;&#x928;       &#x938;&#x902;&#x92A;&#x93E;.</subfield>
  </datafield>
  <datafield tag="245" ind1=" " ind2=" ">
    <subfield code="a">&#x92A;&#x94D;&#x930;&#x915;&#x93E;&#x936;&#x928; &#x921;&#x93E;&#x92F;&#x930;&#x940; 1990</subfield>
  </datafield>
  <datafield tag="260" ind1=" " ind2=" ">
    <subfield code="b">"&#x905;&#x928;&#x93F;&#x930;&#x941;&#x927;&#x94D;&#x926;    &#x938;&#x93E;&#x939;&#x93F;&#x924;&#x94D;&#x92F;,  &#x92A;&#x941;&#x923;&#x947;"</subfield>
    <subfield code="c">1990</subfield>
  </datafield>
  <datafield tag="630" ind1=" " ind2=" ">
    <subfield code="a">&#x92A;&#x94D;&#x930;&#x915;&#x93E;&#x936;&#x928; &#x921;&#x93E;&#x92F;&#x930;&#x940; 1990</subfield>
  </datafield>
  <datafield tag="730" ind1=" " ind2=" ">
    <subfield code="a">&#x92A;&#x94D;&#x930;&#x915;&#x93E;&#x936;&#x928; &#x921;&#x93E;&#x92F;&#x930;&#x940; 1990</subfield>
  </datafield>
  <datafield tag="942" ind1=" " ind2=" ">
    <subfield code="c">BOOK</subfield>
  </datafield>
  <datafield tag="999" ind1=" " ind2=" ">
    <subfield code="c">456950</subfield>
    <subfield code="d">456947</subfield>
  </datafield>
  <datafield tag="952" ind1=" " ind2=" ">
    <subfield code="0">0</subfield>
    <subfield code="1">0</subfield>
    <subfield code="4">1</subfield>
    <subfield code="7">0</subfield>
    <subfield code="a">NCKMULUND</subfield>
    <subfield code="b">NCKMULUND</subfield>
    <subfield code="d">2010-02-04</subfield>
    <subfield code="g">30.00</subfield>
    <subfield code="l">0</subfield>
    <subfield code="o">12518</subfield>
    <subfield code="p">NCKMULUND-12518</subfield>
    <subfield code="r">2010-02-04 00:00:00</subfield>
    <subfield code="v">30.00</subfield>
    <subfield code="w">2010-02-04</subfield>
    <subfield code="y">BOOK</subfield>
    <subfield code="z">2)&#x92B;&#x93E;&#x91F;&#x915;&#x947;</subfield>
  </datafield>
</record>
